00770nam a22001935i 4500001000700000003000900007005001700016008004100033040002000074100003100094245007400125260012000199300002400319490003200343650001500375650002000390830003200410852013400442165253ES-MaACL20250725062546.0960801s1881 sp |||| | spa d aCLM bspa cCLM1 aSerrano Fatigati, Enrique.13aEl rayo de luz b: estudios de física / cEnrique Serrano Fatigati. aMadrid : bLibrería Universal, c1881 (fImprenta de la Biblioteca del Pueblo, a cargo de A. Ruiz de Castroviejo) a64, 8 p. ; c17 cm.1 aBiblioteca del Pueblo ; v207aLuz2embne07aFísica2embne0 aBiblioteca del Pueblo ; v2 aES-MaACLjT-1307-F-1 z-- Enc. hol., conservando la cub. original q-- Falto de las últimas 8 pp. z-- Enc. en un vol. facticio